| 000 | 00718nam a2200181 i 4500 | ||
|---|---|---|---|
| 001 | 165129 | ||
| 003 | ES-MaACL | ||
| 005 | 20250831024532.0 | ||
| 008 | 931025s1855 sp |||| | spa d | ||
| 080 | _a322(460)"18" | ||
| 245 | 0 | 3 |
_aLa segunda base : _breseña histórica y documentos relativos a la base religiosa aprobada por las Cortes Constituyentes de 1854 : (publicación de La Regeneración). |
| 260 |
_aMadrid : _b[s.n.], _c1855 ( _fImp. de Tomás Fortanet) |
||
| 300 |
_a189 p. ; _c26 cm. |
||
| 597 | _aTexto a dos col. | ||
| 650 | 7 |
_aIglesia y Estado- _zEspaña- _yS.XIX _2 _9149103 |
|
| 852 | 4 |
_aES-MaACL _jT-49-F-9 _z- Enc. hol. _z- Enc. en un vol. facticio |
|
| 999 |
_c165129 _d165129 |
||